4 in 1 Country Flags - Statistics

General Stats
  • This quiz has been taken 78 times
  • The average score is 22 of 24
Answer Stats
Answer % Correct
Brazil
100%
China
100%
Albania
97%
India
97%
Japan
97%
South Korea
97%
Turkey
97%
Ukraine
97%
Ireland
95%
Cyprus
94%
Saudi Arabia
94%
Morocco
92%
Bangladesh
90%
Afghanistan
89%
Bhutan
89%
Ecuador
89%
Somalia
89%
Democratic Republicof the Congo
87%
Armenia
85%
Brunei
84%
Liechtenstein
84%
Zambia
81%
Cape Verde
74%
Saint Vincent andthe Grenadines
71%
No matching quizzes found
Score Distribution
Percent of People with Each Score
Percentile by Number Answered
Your Score History
You have not taken this quiz